[Event "Moia op 8th"]
[Site "Moia"]
[Date "2019.11.08"]
[Round "6.6"]
[White "Roca Codina, Josep"]
[Black "Fumanal Villagrasa, Kevin"]
[Result "1/2-1/2"]
[WhiteElo "1580"]
[BlackElo "1787"]
[PlyCount "45"]
[EventDate "2019.09.20"]
[EventType "swiss"]
[EventRounds "8"]
[EventCountry "ESP"]
[SourceTitle "EXT 2024"]
[Source "ChessBase"]
[SourceDate "2023.10.10"]
[SourceVersion "1"]
[SourceVersionDate "2023.10.10"]
[SourceQuality "1"]

1. d4 Nf6 2. c4 g6 3. Bf4 Bg7 4. Nc3 d6 5. h3 0-0 6. Nf3 c6 7. e3 Nfd7 8. Be2 e5 9. dxe5 dxe5 10. Bh2 f5 11. Qb3 Nc5 12. Qc2 Nba6 13. a3 e4 14. Rd1 Qe8 15. Nd4 g5 16. Kd2 Bxd4 17. exd4 f4 18. dxc5 Nxc5 19. Kc1 Bf5 20. b4 Nd3+ 21. Bxd3 exd3 22. Qd2 a5 23. g4 1/2-1/2

[Event "Moia op 8th"]
[Site "Moia"]
[Date "2019.10.25"]
[Round "4.3"]
[White "Basas Gamazo, Josep"]
[Black "Fumanal Villagrasa, Kevin"]
[Result "1/2-1/2"]
[WhiteElo "1897"]
[BlackElo "1787"]
[PlyCount "66"]
[EventDate "2019.09.20"]
[EventType "swiss"]
[EventRounds "8"]
[EventCountry "ESP"]
[SourceTitle "EXT 2024"]
[Source "ChessBase"]
[SourceDate "2023.10.10"]
[SourceVersion "1"]
[SourceVersionDate "2023.10.10"]
[SourceQuality "1"]

1. e4 c5 2. Nf3 Nc6 3. d4 cxd4 4. Nxd4 g6 5. c4 Bg7 6. Be3 d6 7. Nc3 Nf6 8. Be2 0-0 9. 0-0 Bd7 10. h3 Kh8 11. Qd2 Ng8 12. Rad1 h5 13. f4 Nf6 14. f5 Ne5 15. Bh6 Kh7 16. fxg6+ fxg6 17. Bxg7 Kxg7 18. Kh2 Qa5 19. Qe3 Nf7 20. Nd5 Rae8 21. a3 Qd8 22. Nf3 b6 23. Bd3 Ne5 24. Qd4 Nc6 25. Qc3 e5 26. Ne3 Ng4+ 27. hxg4 hxg4 28. Nxg4 Bxg4 29. Be2 Qf6 30. Qd2 Rd8 31. Kg1 Bxf3 32. Rxf3 Qe7 33. Rdf1 Nd4 1/2-1/2

[Event "Vilafranca del Penedes op 13th"]
[Site "Vilafranca del Penedes"]
[Date "2019.04.26"]
[Round "3"]
[White "Vilella Bertran, Joan"]
[Black "Fumanal Villagrasa, Kevin"]
[Result "1-0"]
[WhiteElo "2020"]
[BlackElo "1781"]
[PlyCount "69"]
[EventDate "2019.03.29"]
[EventType "swiss"]
[EventRounds "9"]
[EventCountry "ESP"]
[SourceTitle "CBM 190 Extra"]
[Source "ChessBase"]
[SourceDate "2019.07.15"]
[SourceVersion "1"]
[SourceVersionDate "2019.07.15"]
[SourceQuality "1"]

1. c4 c5 2. Nc3 Nc6 3. g3 Nf6 4. Bg2 b6 5. a3 Bb7 6. Nf3 a6 7. 0-0 e6 8. e4 Qc7 9. Re1 d6 10. d4 cxd4 11. Nxd4 Be7 12. Be3 Ne5 13. b3 Ned7 14. Rc1 0-0 15. f4 Rfe8 16. Bf2 h6 17. g4 e5 18. Nd5 Nxd5 19. cxd5 Qb8 20. Nc6 Bxc6 21. dxc6 Nc5 22. b4 Ne6 23. f5 Nc7 24. h4 f6 25. Qb3+ Kf8 26. a4 Rc8 27. Bf3 Rd8 28. Red1 d5 29. exd5 Bd6 30. Be4 Ne8 31. Be3 Qc7 32. Rc2 Qc8 33. Bxb6 Rb8 34. Ba5 Nc7 35. Rg2 1-0